Регионална библиотека "Любен Каравелов" - Русе

Изчезването на слона (Запис номер 325024)

MARC детайли
000 -Лидер
Контролно поле с фиксирана дължина 00876aam a2200265 a 4500
003 - Код на организацията, давaща контролен номер
Контролно поле BLK
005 - Дата и час на последна редакция
Контролно поле 20250522170846.0
008 - Елементи от данни с фиксирана дължина
fixed length control field 181010b bu ||||| |||| 00| 0 bu d
020 ## - Международен стандартен номер на книга ISBN
Международен стандартен номер на книга ISBN 9786190202844
040 ## - Източник на каталожния запис
Идентификатор на билиотеката - собственик на записа BLK
041 ## - Код за език
Код за езика на текст/звукозапис или на отделно заглавие Български
Код за езика КДБФ Български
080 ## - УДК
Текстов определител УДК Японска литература
УДК код - определител по УДК 821.521
УДК определител -32
УДК - код + определител 821.521-32
100 1# - Редна дума - Автор
Автор Мураками Харуки
R(LIN) 99577
Авторска отговорност първи автор
139 ## - Редно поле
Редна дума Мураками Харуки
Авторски знак Мут - М 96
245 ## - Сведения за заглавието
Заглавие Изчезването на слона
Подзаглавни данни Разкази
Редно поле (дума) Харуки Мураками
260 ## - Област на издателските данни
Име на издателя, разпространителя и проч. Колибри
Година на издаване 2018
Място на издаване, разпространение и проч. София
300 ## - Физическа характеристика
Страници 352 с.
Размери/Мащаб 20 см
380 ## - Жанр
Жанр Худож. лит.
700 ## - Други автори (авторска отговорност)
Лично име Розова, Надежда Иванова
9 (RLIN) 366022
852 ## - Местоположение
Форматна сигнатура Цб 294647
999 ## - СИСТЕМНИ КОНТРОЛНИ НОМЕРА
Koha biblionumber 325024
Koha biblioitemnumber 325024
942 ## - АРТИКУЛИ
Вид на библиотечния материал Книги
Източник на класификационната схема Universal Decimal Classification
Скрит в OPAC Не
Koha issues (borrowed), all copies 29
944 ## - СЪЗДАВАНЕ И РЕДАКЦИЯ на ЗАПИСА
Създаване/Редакция Редакция
Дата на регистрацията/редакция 2019-05-08
Статус, дата на статуса Минев Младен
Служител, извършил регистрацията/редакцията 30530
999 ## - СИСТЕМНИ КОНТРОЛНИ НОМЕРА
Koha biblioitemnumber 325024
999 ## - СИСТЕМНИ КОНТРОЛНИ НОМЕРА
Koha biblioitemnumber 325024
Наличности
Код за отписване Код за изгубен артикул Източник на класификационната схема Код за повреда Код за отдаване Артикулен № Име на библиотеката - собственик Име на библиотеката, в която се намира в момента Статус (Текущо местоположение) Дата на вписване в системата Местоположение - отдел Цена в лева Инвентарен номер Систематично азбучна сигнатура Баркод Цена в евро Служебен тип на артикула Коз за рестрикции
  Не е изгубен Universal Decimal Classification Не е повреден заемане за дома 680959 Регионална библиотека "Любен Каравелов" Русе Регионална библиотека "Любен Каравелов" Русе Заемна - подръчен фонд 2018-09-27 Заемна - подръчен фонд 13.50 120000824104 П 895-32/М 96 120000824104 6.90 Книги  
  Не е изгубен Universal Decimal Classification Не е повреден ползва се в читалня 706258 Регионална библиотека "Любен Каравелов" Русе Регионална библиотека "Любен Каравелов" Русе Хранилище 2019-05-10 Хранилище 18.00   Цб 294647 120000831653 9.20 Книги без рестрикции
Vip Innovations Ltd, Rousse, Bulgaria 2025